| 000 | 00561nam a2200229Ia 4500 | ||
|---|---|---|---|
| 005 | 20230422162322.0 | ||
| 008 | 230125s9999 xx 000 0 und d | ||
| 020 | _a978067091836 | ||
| 041 | _aeng | ||
| 082 |
_a050.954 _bMEH |
||
| 100 |
_aMehra P _9115402 |
||
| 245 | _aThe Lost Decade 2008 -18 | ||
| 250 | _a1st Ed. | ||
| 260 |
_c2019 _bPenguin Random House India _aIndia |
||
| 300 | _a340p | ||
| 500 | _aAptitude Tests;India | ||
| 650 | _aAptitude Tests;India | ||
| 700 |
_aMehra P _9115402 |
||
| 906 | _b167.72 | ||
| 942 | _cBK | ||
| 999 |
_c96178 _d96178 |
||